Personnage mystère #3 - Statistiques

Statistiques générales
  • Ce quiz a été pris 610 fois
  • Le résultat moyen est 5 sur 7
Statistiques - réponses
Lettres Indices % Correct
ICT - CAT Tic-tac
98%
ELIDOCORC Crocodile
76%
SEINYD Disney
73%
TORCECH Crochet
69%
TEPARI Pirate
63%
Nom du personnage Le Capitaine Crochet
60%
ECTAMHN Méchant
50%
Aucun quiz correspondant
Distribution des résultats
% des personnes avec chaque résultat
Percentile par nombre de réponses
Votre historique - résultats
Vous n’avez pas pris ce quiz